"Русский студень": молчание - знак согласия?; Вестник Томского государственного университета; № 386

Detalles Bibliográficos
Parent link:Вестник Томского государственного университета/ Национальный исследовательский Томский государственный университет (ТГУ).— , 1998-
№ 386.— 2014.— [С. 47-52]
Autor Principal: Карпова А. Ю. Анна Юрьевна
Autor Corporativo: Национальный исследовательский Томский политехнический университет (ТПУ) Институт социально-гуманитарных технологий (ИСГТ) Кафедра философии (ФИЛ)
Summary:Заглавие с экрана
Статья посвящена сравнительному анализу современной интеллигенции в России с учетом предложенного А. Грамши в работе "Тюремные тетради" разделения интеллигенции на органическую и традиционную. Рассматривая интеллигенцию не как сложившийся социальный слой, а как динамичную структуру, в которой существуют внутренние противоречия и проблемы воспроизводства, обозначены причины молчаливого протеста традиционной интеллигенции в России. Автор делает вывод о том, что необходимо слияние органической и традиционной интеллигенции.
Режим доступа: по договору с организацией-держателем ресурса
Idioma:ruso
Publicado: 2014
Subjects:
Acceso en liña:http://elibrary.ru/item.asp?id=22478004
http://journals.tsu.ru/vestnik/&journal_page=archive&id=1076&article_id=15301
Formato: MixedMaterials Electrónico Capítulo de libro
KOHA link:https://koha.lib.tpu.ru/cgi-bin/koha/opac-detail.pl?biblionumber=638156

MARC

LEADER 00000naa0a2200000 4500
001 638156
005 20250129104419.0
035 |a (RuTPU)RU\TPU\network\2413 
090 |a 638156 
100 |a 20141214d2014 k||y0rusy50 ca 
101 0 |a rus 
102 |a RU 
135 |a drcn ---uucaa 
181 0 |a i  
182 0 |a b 
200 1 |a "Русский студень": молчание - знак согласия?  |f А. Ю. Карпова 
203 |a Текст  |c электронный 
300 |a Заглавие с экрана 
320 |a [Библиогр.: с. 52 (12 назв.)] 
330 |a Статья посвящена сравнительному анализу современной интеллигенции в России с учетом предложенного А. Грамши в работе "Тюремные тетради" разделения интеллигенции на органическую и традиционную. Рассматривая интеллигенцию не как сложившийся социальный слой, а как динамичную структуру, в которой существуют внутренние противоречия и проблемы воспроизводства, обозначены причины молчаливого протеста традиционной интеллигенции в России. Автор делает вывод о том, что необходимо слияние органической и традиционной интеллигенции. 
333 |a Режим доступа: по договору с организацией-держателем ресурса 
461 |t Вестник Томского государственного университета  |f Национальный исследовательский Томский государственный университет (ТГУ)  |d 1998- 
463 |t № 386  |v [С. 47-52]  |d 2014 
610 1 |a электронный ресурс 
610 1 |a труды учёных ТПУ 
610 1 |a интеллигенция 
610 1 |a интеллектуалы 
610 1 |a гегемония 
610 1 |a культурное ядро 
610 1 |a традиционная интеллигенция 
610 1 |a органическая интеллигенция 
610 1 |a идеология 
610 1 |a управление 
610 1 |a власть 
700 1 |a Карпова  |b А. Ю.  |c философ  |c профессор Томского политехнического университета, доктор социологических наук  |f 1968-  |g Анна Юрьевна  |3 (RuTPU)RU\TPU\pers\30249  |9 14626 
712 0 2 |a Национальный исследовательский Томский политехнический университет (ТПУ)  |b Институт социально-гуманитарных технологий (ИСГТ)  |b Кафедра философии (ФИЛ)  |3 (RuTPU)RU\TPU\col\18928 
801 2 |a RU  |b 63413507  |c 20141214  |g RCR 
856 4 |u http://elibrary.ru/item.asp?id=22478004 
856 4 |u http://journals.tsu.ru/vestnik/&journal_page=archive&id=1076&article_id=15301 
942 |c CF